From Underestimated to Unstoppable (Record no. 24179)

MARC details
000 -LEADER
fixed length control field 00524nam a22001817a 4500
003 - CONTROL NUMBER IDENTIFIER
control field OSt
005 - DATE AND TIME OF LATEST TRANSACTION
control field 20260612123330.0
008 - FIXED-LENGTH DATA ELEMENTS--GENERAL INFORMATION
fixed length control field 260612b |||||||| |||| 00| 0 eng d
020 ## - INTERNATIONAL STANDARD BOOK NUMBER
International Standard Book Number 97814166331491
040 ## - CATALOGING SOURCE
Transcribing agency Chuka University Library
050 ## - LIBRARY OF CONGRESS CALL NUMBER
Classification number LB 2806
Item number .L3 2022
100 ## - MAIN ENTRY--PERSONAL NAME
Personal name Lamb-Sinclair Ashley
9 (RLIN) 28996
245 ## - TITLE STATEMENT
Title From Underestimated to Unstoppable
260 ## - PUBLICATION, DISTRIBUTION, ETC.
Place of publication, distribution, etc. Arlington, Virginia USA
Name of publisher, distributor, etc. ascd
Date of publication, distribution, etc. 2022
300 ## - PHYSICAL DESCRIPTION
Extent xii 144 pages
650 ## - SUBJECT ADDED ENTRY--TOPICAL TERM
Topical term or geographic name entry element From underestimated to Unstoppable
9 (RLIN) 28997
942 ## - ADDED ENTRY ELEMENTS (KOHA)
Source of classification or shelving scheme Library of Congress Classification
Koha item type Long Loan Books
Suppress in OPAC No
Holdings
Withdrawn status Lost status Source of classification or shelving scheme Damaged status Not for loan Collection Home library Current library Shelving location Date acquired Source of acquisition Cost, normal purchase price Total Checkouts Full call number Barcode Date last seen Price effective from Koha item type
    Library of Congress Classification     General Collection Books Main Campus Library Main Campus Library General Stacks 12/06/2026 Donation from Books for Africa 774.00   LB 2806 .L3 2022 34170/2026 12/06/2026 12/06/2026 Long Loan Books

Powered by Koha